000 00932ngm a22003250a 4500
001 PT19552
003 AR-LpoUNG
005 20210202000314.0
007 vd cvaizq
008 191001s1944||||ag |||||||||||||||||spa d
037 _c$8.3
040 _aAR-LpoUNG
_bspa
_cAR-LpoUNG
_eaacr
041 _aspa
044 _aag
082 0 _a982.04 372mej
100 1 _aDemare, Lucas
_edir.
245 1 0 _aSu mejor alumno
260 _aBuenos Aires :
_bCultural Video,
_c1944.
300 _aVHS (112 min.) : son., byn
505 0 _aBasada en "La vida de Dominguito de D. F. Sarmiento
520 _aEnrique Muiño como Domingo F. Sarmiento, y Angel Magaña como su hijo Dominguito, interpretan la agitada vida de este prócer argentino.
650 4 _aARGENTINA
650 4 _aBIOGRAFIAS
650 4 _aHISTORIA
651 4 _aArgentina
653 _aCINE ARGENTINO
653 _aVIDEOS
905 _a19552
942 _cVIDEO
999 _c54581
_d54581